[Event "5th LGA Premium Cup"]
[Site "Nuernberg GER"]
[Date "2008.09.07"]
[Round "7"]
[White "Kunin,V"]
[Black "Siebrecht,S"]
[Result "1/2-1/2"]
[WhiteElo "2532"]
[BlackElo "2453"]

1.d4 d5 2.c4 c6 3.Nf3 Nf6 4.Nc3 a6 5.c5 Nbd7 6.Bf4 Nh5 7.Bg5 h6 8.Bd2 Nhf6
9.Qc2 Qc7 10.Na4 Ne4 11.Nb6 Nxb6 12.Ba5 Bf5 13.Bxb6 Qb8 14.Qc1 e6 15.e3 Be7
16.Be2 O-O 17.O-O Bg4 18.b4 Bd8 19.Bxd8 Rxd8 20.Qb2 Bxf3 21.Bxf3 Nf6 22.a4 Qc7
23.Be2 Re8 24.b5 axb5 25.axb5 b6 26.Ra6 Rxa6 27.bxa6 b5 28.Ra1 Ra8 29.g3 Ne8
30.Kg2 Ra7 31.e4 Qc8 32.exd5 exd5 33.Bd3 Rxa6 34.Bf5 Qa8 35.Re1 Nf6 36.Qe2 Ra7
37.Qe5 Qd8 38.h4 g6 39.Bb1 h5 40.Re2 Ra1 41.Bd3 Ra3 42.Bb1 Ra1 43.Bd3 Kg7
44.Re3 Ra7 45.g4 Qc7 46.Qxc7 Rxc7 47.g5 Nd7 48.f4 Nf8 49.f5 gxf5 50.Bxf5 Ne6
51.Bxe6 Re7 52.Kf3 Rxe6 53.Rxe6 fxe6 54.Ke3 Kg6 55.Kd3 Kf5 56.Kc3 e5 57.dxe5 Kxe5
58.Kb4 d4 59.Kb3 Kd5 60.Kb4 d3 61.Kc3 Ke4 62.g6 b4+ 63.Kd2 b3 64.g7 b2 65.g8=Q b1=Q
66.Qg2+ Kd4 67.Qg1+ Qxg1  1/2-1/2

[Event "3rd PGMA Cup"]
[Site "Manila PHI"]
[Date "2008.09.10"]
[Round "6"]
[White "Wang Xiaohui"]
[Black "Dableo,R"]
[Result "0-1"]
[WhiteElo "2215"]
[BlackElo "2444"]

1.d4 d5 2.c4 c6 3.Nf3 Nf6 4.Nc3 a6 5.e3 Nbd7 6.b3 e6 7.Bd3 b5 8.O-O Be7 9.e4 b4
10.e5 bxc3 11.exf6 Nxf6 12.c5 Nd7 13.b4 g5 14.Qc2 g4 15.Ne5 Nxe5 16.dxe5 d4
17.Be4 Bb7 18.f4 Qd7 19.Rd1 f5 20.exf6 Bxf6 21.Re1 O-O 22.Qe2 a5 23.Bd3 axb4
24.Rb1 Rae8 25.Qxg4+ Kh8 26.Rxb4 Rg8 27.Qh5 Qg7 28.g3 Bc8 29.Rb6 e5 30.fxe5 Bg4
31.Qh6 Qxh6 32.Bxh6 Bh5 33.exf6 Rxe1+ 34.Kf2 Re6 35.Bg7+ Rxg7 36.fxg7+ Kxg7
37.Rb4 Re3 38.g4 Rxd3 39.gxh5 c2  0-1

[Event "4th ch-EU"]
[Site "Liverpool ENG"]
[Date "2008.09.12"]
[Round "4"]
[White "Williams,Si1"]
[Black "Laznicka,V"]
[Result "0-1"]
[WhiteElo "2496"]
[BlackElo "2601"]

1.d4 d5 2.c4 c6 3.Nc3 Nf6 4.Nf3 a6 5.g3 dxc4 6.Ne5 b5 7.Bg2 Bb7 8.O-O e6
9.a4 Qc8 10.e4 Nbd7 11.f4 Be7 12.Ng4 b4 13.Nb1 c5 14.d5 exd5 15.Ne3 dxe4
16.Nd2 O-O 17.Ndxc4 Rd8 18.b3 Qc7 19.Bb2 Nb6 20.Qe1 Nxc4 21.bxc4 Nd7 22.Bxg7 Kxg7
23.Nf5+ Kf8 24.g4 Qc6 25.g5 Qg6 26.Ng3 Nb6 27.Nxe4 f5 28.Ng3 Bxg2 29.Kxg2 Nxc4
30.Ra2 Rd1  0-1

[Event "4th ch-EU"]
[Site "Liverpool ENG"]
[Date "2008.09.12"]
[Round "4"]
[White "Baramidze,D"]
[Black "Houska,Jo"]
[Result "1/2-1/2"]
[WhiteElo "2593"]
[BlackElo "2405"]

1.d4 Nf6 2.Nf3 d5 3.c4 c6 4.Nc3 a6 5.g3 dxc4 6.a4 c5 7.dxc5 Qxd1+ 8.Nxd1 e6
9.Ne3 Bxc5 10.Bg2 Nd5 11.Nxc4 b6 12.Nfe5 Nd7 13.Nd3 Be7 14.O-O Bb7 15.Rd1 Rc8
16.Ne3 N7f6 17.Nf4 Nxf4 18.Bxb7 Nxe2+ 19.Kf1 Rxc1 20.Raxc1 Nxc1 21.Rxc1 O-O
22.Rc6 a5 23.Rxb6 Rb8 24.Nc4 Bb4 25.Rb5 Ne8 26.Bf3 Rxb5 27.axb5 Nd6 28.Nxd6 Bxd6
29.b6 Kf8 30.Ke2 Ke7 31.Kd3 Bc5 32.b7 Ba7 33.Kc4 Kd6 34.Be4 h6 35.g4 Kc7
36.f3  1/2-1/2

[Event "7th Georgiev - Kesarovski Mem"]
[Site "Sunny Beach BUL"]
[Date "2008.09.12"]
[Round "7"]
[White "Papadakis,M"]
[Black "Arnaudov,G"]
[Result "0-1"]
[WhiteElo "2102"]
[BlackElo "2311"]

1.d4 d5 2.c4 c6 3.Nf3 Nf6 4.Nc3 a6 5.cxd5 cxd5 6.Bf4 Nc6 7.e3 Bg4 8.Be2 e6
9.O-O Bd6 10.Bxd6 Qxd6 11.Na4 O-O 12.Rc1 Rac8 13.Nc5 Rc7 14.a3 Rfc8 15.b4 Ne4
16.Nxe4 dxe4 17.Ne5 Bxe2 18.Qxe2 Nxd4 19.exd4 Rxc1 20.Qxe4 Qd5 21.Qf4 Rxf1+
22.Kxf1 f6 23.Nd3 Rd8 24.Nc5 b6  0-1

[Event "I Liga Seniorow"]
[Site "Ustron POL"]
[Date "2008.09.13"]
[Round "8"]
[White "Orzech,D"]
[Black "Rutkowski,M"]
[Result "1/2-1/2"]
[WhiteElo "2472"]
[BlackElo "2380"]

1.d4 d5 2.Nf3 Nf6 3.c4 c6 4.Nc3 a6 5.e3 e6 6.Qc2 c5 7.cxd5 exd5 8.Be2 Nc6
9.dxc5 Bxc5 10.O-O Qe7 11.Rd1 Be6 12.b3 O-O 13.Bb2 Rac8 14.Rac1 Ba7 15.Qb1 Rfd8
16.h3 d4 17.exd4 Nxd4 18.Nxd4 Rxd4 19.Bf3 Rcd8 20.Ne2 Bf5 21.Qa1 Rxd1+ 22.Rxd1 Rxd1+
23.Qxd1 h6 24.Ng3 Be6 25.Qe2 b5 26.Qe5 Qc5 27.Qxc5 Bxc5 28.Ne4 Nxe4  1/2-1/2

[Event "4th Pichay Cup"]
[Site "Manila PHI"]
[Date "2008.09.14"]
[Round "1"]
[White "Perena,C"]
[Black "Ballecer,D"]
[Result "0-1"]
[WhiteElo "2212"]
[BlackElo "2419"]

1.d4 d5 2.c4 c6 3.Nc3 Nf6 4.Nf3 a6 5.a4 e6 6.Bg5 h6 7.Bd2 c5 8.e3 Nc6 9.dxc5 Bxc5
10.Be2 O-O 11.O-O Qe7 12.Qb3 Re8 13.Rfd1 b6 14.cxd5 exd5 15.Be1 Na5 16.Qa2 Bb7
17.Nd4 Nc6 18.Rac1 Ne5 19.Nc2 Ng6 20.Bd3 Nh4 21.Nd4 Qe5 22.Nce2 Rac8 23.Qb1 Ne4
24.Ng3 f5 25.b4 Bxd4 26.exd4 Qf6 27.Bc2 Qg5 28.Qb3 Kh8 29.f3 Rc3 30.Bd2 f4
31.Qb2 Nxg3 32.Bxf4 Ne2+  0-1

[Event "4th Pichay Cup"]
[Site "Manila PHI"]
[Date "2008.09.15"]
[Round "2"]
[White "Dao Thien Hai"]
[Black "Bagamasbad,E"]
[Result "1-0"]
[WhiteElo "2489"]
[BlackElo "2295"]

1.d4 d5 2.c4 c6 3.Nf3 Nf6 4.Nc3 a6 5.c5 Bf5 6.Qb3 Ra7 7.Bf4 Nbd7 8.h3 h6
9.e3 e6 10.Be2 Be7 11.O-O O-O 12.Rfc1 Re8 13.Qd1 Ne4 14.Bd3 Nxc3 15.Rxc3 Bxd3
16.Qxd3 b5 17.cxb6 Qxb6 18.Qc2 c5 19.dxc5 Nxc5 20.Be5 Ne4 21.Bd4 Qb7 22.Rc6 Raa8
23.Rc1 Bd6 24.Nd2 Nxd2 25.Qxd2 Bb4 26.Qd1 Bf8 27.Rc7 Qb8 28.f4 Qd8 29.Qh5 Re7
30.R7c6 Rb7 31.f5 exf5 32.Qxf5 a5 33.Rc8 Rxc8 34.Rxc8 Qh4 35.Rxf8+  1-0

[Event "4th Pichay Cup"]
[Site "Manila PHI"]
[Date "2008.09.15"]
[Round "3"]
[White "Wang Xiaohui"]
[Black "Ballecer,D"]
[Result "1/2-1/2"]
[WhiteElo "2215"]
[BlackElo "2419"]

1.d4 d5 2.c4 c6 3.Nf3 Nf6 4.Nc3 a6 5.e3 b5 6.c5 g6 7.Ne5 Bg7 8.Be2 O-O 9.O-O Ne8
10.f4 f6 11.Nd3 a5 12.b3 Ra7 13.Bb2 e6 14.Qe1 Raf7 15.Qg3 Nd7 16.Bf3 f5 17.Ne5 Nxe5
18.dxe5 Nc7 19.Ne2 Na6 20.Rfd1 Bd7 21.Rac1 Re8 22.a3 Bf8 23.Bd4 Rg7 24.Qh3 h5  1/2-1/2

[Event "IV Geller Memorial"]
[Site "Odessa UKR"]
[Date "2008.09.15"]
[Round "7"]
[White "Bogdanovich,S"]
[Black "Shevtsov,N"]
[Result "1-0"]
[WhiteElo "2299"]
[BlackElo "2325"]

1.d4 Nf6 2.c4 c6 3.Nc3 d5 4.Nf3 a6 5.c5 Bf5 6.Bf4 Nbd7 7.e3 e6 8.h3 b6 9.b4 Ne4
10.Nxe4 Bxe4 11.Be2 bxc5 12.bxc5 Qa5+ 13.Qd2 Qa3 14.O-O Be7 15.Rac1 g5 16.Bg3 O-O
17.Rc3 Qa4 18.Qb2 a5 19.Bd1 Qb5 20.Qxb5 cxb5 21.Rb3 Ra7 22.Be2 b4 23.a3 bxa3
24.Rxa3 Bxf3 25.gxf3 e5 26.Bb5 exd4 27.exd4 Bf6 28.Ra4 Rc8 29.Rfa1 Nf8 30.Rxa5 Rxa5
31.Rxa5 Bxd4 32.c6 Ne6 33.Ba4 Bc5 34.c7 Bb6 35.Rxd5 Bxc7 36.Bd7 Rf8 37.Bxe6 Bxg3
38.Rxg5+ Kh8 39.fxg3 fxe6 40.Kf2 Rb8 41.Ke3 Rb4 42.Rg4 Rb5 43.Ke4 Ra5 44.f4 h6
45.Rg6 Kh7 46.Rxe6 Ra3 47.Re7+ Kg8 48.g4 Rxh3 49.f5 Rh4 50.Kf3 Rh3+ 51.Kf4 Rh4
52.Kg3 Rh1 53.Kf4 Rh4 54.Kg3 Rh1 55.Ra7 Kf8 56.Kf4 Rh4 57.Kg3 Rh1 58.Kf4 Rh4
59.Rh7 Kg8 60.Rb7 Kf8 61.Rh7 Kg8 62.Rc7 Kf8 63.Rh7 Kg8 64.Ra7 Kf8 65.Ra6 Kf7
66.Kg3 Rh1 67.Kg2 Rh4 68.Kf3 Rh3+ 69.Kf4 Rh1 70.Ra7+ Kf6 71.Ra6+ Kf7 72.Ra7+ Kf6
73.Rh7 Rf1+ 74.Ke4 Rh1 75.Kf3 Rh3+ 76.Kf4 Rh1 77.Rxh6+ Rxh6 78.g5+ Kg7 79.gxh6+ Kxh6
80.Ke5 Kg7 81.Ke6  1-0

[Event "EYb18"]
[Site "Herceg Novi MNE"]
[Date "2008.09.16"]
[Round "2"]
[White "Opinca,S"]
[Black "Boyarchenko,A"]
[Result "1-0"]
[WhiteElo "2175"]
[BlackElo "1941"]

1.d4 d5 2.c4 c6 3.Nf3 Nf6 4.Nc3 a6 5.e3 g6 6.cxd5 cxd5 7.Be2 Bg7 8.O-O O-O
9.Ne5 Nbd7 10.Nd3 Qc7 11.Bf3 e6 12.Bd2 b6 13.Rc1 Qd6 14.e4 dxe4 15.Nxe4 Nxe4
16.Bxe4 Rb8 17.Bb4 Qxd4 18.Bxf8 Kxf8 19.Bc6 a5 20.Qb3 Ba6 21.Rfd1 Bxd3 22.Bxd7 Qxd7
23.Rxd3 Bd4 24.Qc4 Rd8 25.Rd2 e5 26.g3 Qg4 27.Kg2 Qe4+ 28.f3 Qf5 29.Qe2 h5
30.h4 Qe6 31.b3 Qd6 32.Rc4 Kg7 33.Qe4 Re8 34.Rcxd4  1-0

[Event "4th ch-EU"]
[Site "Liverpool ENG"]
[Date "2008.09.16"]
[Round "8"]
[White "Wells,P"]
[Black "Smeets,J"]
[Result "1/2-1/2"]
[WhiteElo "2526"]
[BlackElo "2593"]

1.d4 d5 2.c4 c6 3.Nf3 Nf6 4.Nc3 a6 5.cxd5 cxd5 6.Bg5 Ne4 7.Bh4 Nc6 8.e3 Qa5
9.Qb3 Qb4 10.Be2 Bf5 11.Qxb4 Nxb4 12.O-O Nxc3 13.bxc3 Nc2 14.Rab1 b5 15.Rb3 f6
16.Nd2 e6 17.e4 dxe4 18.Rc1 e3 19.fxe3 Nxe3 20.c4 Nc2 21.Bf2 b4 22.Bh5+ g6
23.g4 Na1 24.Rxa1 Bc2 25.Rf3 gxh5 26.Rxf6 Rg8 27.Rxe6+ Kd7 28.Rae1 Rxg4+
29.Kh1 Rf4  1/2-1/2

[Event "4th ch-EU"]
[Site "Liverpool ENG"]
[Date "2008.09.16"]
[Round "8"]
[White "L'Ami,E"]
[Black "Laznicka,V"]
[Result "1/2-1/2"]
[WhiteElo "2610"]
[BlackElo "2601"]

1.d4 d5 2.c4 c6 3.Nf3 Nf6 4.Nc3 a6 5.e3 b5 6.b3 Bg4 7.h3 Bxf3 8.Qxf3 e6 9.Bd2 Bb4
10.Bd3 Qa5 11.Rc1 Bxc3 12.Bxc3 Qxa2 13.Qd1 dxc4 14.bxc4 bxc4 15.Ra1 Qb3 16.Qxb3 cxb3
17.Ke2 Nbd7 18.Rhb1 c5 19.Rxa6 Rxa6 20.Bxa6 O-O 21.Rxb3 Rb8 22.Rxb8+ Nxb8
23.Bd3 cxd4 24.Bxd4 Nc6 25.Bb2 h6 26.g4 Nd5 27.f4 Nce7 28.Kf3 f5 29.e4 fxe4+
30.Bxe4 Kf7 31.f5 exf5 32.gxf5 Nf6 33.Bc2 g6 34.fxg6+ Nxg6 35.Bb3+ Kg7 36.Kg3 Ne7
37.Kf4 Kg6 38.Ke5 Ned5 39.Bc2+ Kf7 40.Bb3 Kg6 41.Bc1 Nb4 42.Be3 Nc6+ 43.Kd6 Nd8
44.Bc2+ Kg7 45.Bd4 Kf7 46.Bb6 Ne6 47.Bb3 Ne4+ 48.Kd7 Nf6+ 49.Kd6 Ne4+ 50.Ke5 Ng5
51.h4 Nf3+ 52.Kd6 Nxh4 53.Bxe6+ Kg6 54.Bf2 Nf5+ 55.Ke5 Ng7 56.Bb3 Nh5 57.Bc2+ Kf7
58.Be3 Ng7 59.Bxh6 Nh5 60.Bc1 Ng7 61.Bb2 Ne8 62.Bb3+ Kg6 63.Ke6 Ng7+ 64.Ke7 Nf5+
65.Kf8 Kg5 66.Kf7 Kf4 67.Kf6 Ne3 68.Bc1 Kf3 69.Ba4 Ng2 70.Bc6+ Kf2 71.Ba3 Kg3
72.Kg5 Kf2 73.Bd6 Ne1 74.Kg4 Nd3 75.Be4 Ke3 76.Kf5 Kd4 77.Bxd3  1/2-1/2

[Event "II ROMGAZ Open"]
[Site "Bucharest ROU"]
[Date "2008.09.17"]
[Round "7"]
[White "Chatalbashev,B"]
[Black "Suciu,DS"]
[Result "1-0"]
[WhiteElo "2596"]
[BlackElo "2189"]

1.d4 d5 2.c4 c6 3.Nf3 Nf6 4.Nc3 a6 5.Bg5 b5 6.cxd5 cxd5 7.e3 Bg4 8.Bxf6 gxf6
9.h3 Bh5 10.g4 Bg6 11.a4 b4 12.Ne2 e6 13.a5 Bd6 14.Nf4 Bxf4 15.exf4 Qd6 16.Qd2 Be4
17.Bg2 Nc6 18.O-O Rb8 19.Rfc1 Rb5 20.Bf1 Bxf3 21.Bxb5 axb5 22.Qd3 Be4 23.Qxb5 Kd7
24.a6 Rb8 25.Rxc6 Rc8 26.Rcc1+  1-0

[Event "EYb12"]
[Site "Herceg Novi MNE"]
[Date "2008.09.18"]
[Round "4"]
[White "Bryakin,M"]
[Black "Jacobsen,Mad"]
[Result "1-0"]
[WhiteElo "1939"]
[BlackElo "1831"]

1.d4 d5 2.c4 c6 3.Nf3 Nf6 4.Nc3 a6 5.c5 g6 6.h3 Bg7 7.Bf4 Nbd7 8.b4 O-O 9.e3 Re8
10.g4 Ne4 11.Nxe4 dxe4 12.Ng5 e5 13.dxe5 Bxe5 14.Bc4 Bc3+ 15.Kf1 Rf8 16.Rb1 Bg7
17.Nxe4 Ne5 18.Qxd8 Rxd8 19.Bxe5 Bxe5 20.Ke2 Be6 21.Bxe6 fxe6 22.f4 Bc7 23.a4 e5
24.f5  1-0

[Event "EYb18"]
[Site "Herceg Novi MNE"]
[Date "2008.09.19"]
[Round "5"]
[White "Pavlidis,Ana"]
[Black "Boyarchenko,A"]
[Result "1-0"]
[WhiteElo "2270"]
[BlackElo "1941"]

1.d4 d5 2.c4 c6 3.Nf3 Nf6 4.Nc3 a6 5.e3 b5 6.c5 Bg4 7.Qb3 Nbd7 8.a4 e5 9.Qa3 exd4
10.exd4 Rc8 11.axb5 axb5 12.Bd2 Be7 13.Nxb5 Bxc5 14.dxc5 cxb5 15.Qe3+ Ne4
16.h3 Be6 17.b4 O-O 18.Bxb5 Rb8 19.Bd3 Bf5 20.O-O Re8 21.Bxe4 Rxe4 22.Qd3 Nf6
23.Nd4 Qc8 24.Nxf5 Qxf5 25.f3 Re5 26.Qxf5 Rxf5 27.g4  1-0

[Event "EYg14"]
[Site "Herceg Novi MNE"]
[Date "2008.09.22"]
[Round "7"]
[White "Papathanasiou,Ag"]
[Black "Aranaz Murillo,A"]
[Result "1-0"]
[WhiteElo "1675"]
[BlackElo "1959"]

1.d4 d5 2.c4 c6 3.Nf3 Nf6 4.Nc3 a6 5.e3 b5 6.b3 Bg4 7.h3 Bxf3 8.gxf3 Nbd7
9.f4 e6 10.Bg2 h6 11.Bb2 bxc4 12.bxc4 Rb8 13.Qc2 Nb6 14.c5 Nc4 15.Rb1 g5
16.fxg5 hxg5 17.Bf1 g4 18.h4 g3 19.Bxc4 gxf2+ 20.Qxf2 dxc4 21.Rf1 Be7 22.Kd1 Rh7
23.Na4 Nd5 24.e4 Qa5 25.exd5 Qxa4+ 26.Kc1 cxd5 27.Qg3 Qb4 28.Qg8+ Kd7 29.Qxh7 c3
30.Ba1 Qa3+ 31.Kc2 Qxa2+ 32.Kxc3  1-0

[Event "USCL 2008"]
[Site "ICC INT"]
[Date "2008.09.22"]
[Round "5"]
[White "Zenyuk,I"]
[Black "Ostrovskiy,Al"]
[Result "1-0"]
[WhiteElo "2233"]
[BlackElo "2084"]

1.d4 d5 2.Nf3 Nf6 3.c4 c6 4.Nc3 a6 5.c5 b6 6.cxb6 Qxb6 7.g3 e6 8.Bg2 c5 9.Na4 Qa7
10.Nxc5 Bxc5 11.dxc5 Qxc5 12.O-O O-O 13.Be3 Qe7 14.Rc1 Nbd7 15.Nd4 Bb7 16.Rc7 Rab8
17.Qc2 Ne8 18.Nc6 Bxc6 19.Rxc6 Ra8 20.Qa4 Nb8 21.Rc8 Nd6 22.Rxf8+ Qxf8 23.Bc5 Qe8
24.Qxe8+ Nxe8 25.e4 Nd7 26.Be3 dxe4 27.Bxe4 Rb8 28.b3 Nef6 29.Bd3 Ra8 30.Rc1 Nd5
31.Bd4 Kf8 32.a3 a5 33.Bb5 N7f6 34.Rc6 Ne4 35.Kg2 Rb8 36.Bc4 Nd2 37.Bc5+ Ke8
38.Bxd5 exd5 39.b4 axb4 40.Bxb4 Ne4 41.Rc7 d4 42.Re7+ Kd8 43.Rxe4  1-0

[Event "Open"]
[Site "Yuzhny UKR"]
[Date "2008.09.22"]
[Round "4"]
[White "Bylino,O"]
[Black "Klepikov,V"]
[Result "1-0"]
[WhiteElo "2170"]
[BlackElo "1940"]

1.Nf3 d5 2.d4 Nf6 3.c4 c6 4.Nc3 a6 5.Qb3 dxc4 6.Qxc4 g6 7.e4 Bg7 8.Be2 O-O
9.O-O b5 10.Qb3 Bg4 11.Be3 e6 12.Rfd1 Qe7 13.h3 Bxf3 14.Bxf3 Nbd7 15.a4 b4
16.Ne2 a5 17.Rac1 Rac8 18.Rd2 e5 19.dxe5 Nxe5 20.Bc5 Nxf3+ 21.Qxf3 Qxe4 22.Bxf8 Qxf3
23.gxf3 Bxf8 24.Rdc2 c5 25.Nd4 Nd5 26.Nb3 Nb6 27.Nxa5 Nxa4 28.Nc4 Rd8 29.Ra1 b3
30.Re2 Ra8 31.Ra3  1-0

[Event "EYb18"]
[Site "Herceg Novi MNE"]
[Date "2008.09.23"]
[Round "8"]
[White "Acarbay,Ay"]
[Black "Nikologorsky,M"]
[Result "0-1"]
[WhiteElo "1825"]
[BlackElo "2197"]

1.d4 d5 2.Nf3 Nf6 3.c4 c6 4.Nc3 a6 5.cxd5 cxd5 6.g3 Nc6 7.Bg2 e6 8.O-O Be7
9.Bf4 Nh5 10.Bd2 O-O 11.Rc1 Nf6 12.Qc2 Bd7 13.e3 b5 14.a3 Na5 15.Ne5 Rc8
16.Qd1 Qb6 17.g4 Rcd8 18.g5 Ne8 19.Bxd5 Bxg5 20.Bg2 Nc4 21.Nxc4 bxc4 22.Ne4 Be7
23.Bc3 Bc6 24.Qf3 Ba8 25.Qg3 f5 26.Nd2 Qb5 27.Bxa8 Rxa8 28.Kh1 Ra7 29.f3 Bd6
30.Qg2 Nf6 31.e4 Bf4 32.Rce1 a5 33.Qe2 Rc7 34.Rf2 Kh8 35.Rg2 Nh5 36.exf5 exf5
37.Qe6 Nf6 38.Reg1 Re8 39.d5 Rxe6 40.dxe6 Be5 41.Nxc4 Rxc4 42.Rxg7 Rg4  0-1

[Event "Open"]
[Site "Yuzhny UKR"]
[Date "2008.09.24"]
[Round "7"]
[White "Melnichenko,A"]
[Black "Klepikov,V"]
[Result "1-0"]
[WhiteElo "2245"]
[BlackElo "1940"]

1.d4 d5 2.c4 c6 3.Nf3 Nf6 4.Nc3 a6 5.cxd5 cxd5 6.Bf4 Nh5 7.Bd2 Nf6 8.Ne5 e6
9.e3 Bd6 10.f4 O-O 11.Bd3 b5 12.O-O Bb7 13.Rf3 Re8 14.Rh3 g6 15.Qe1 Bf8 16.g4 Ne4
17.g5 Nd7 18.Ng4 f5 19.gxf6 Ndxf6 20.Bxe4 dxe4 21.Ne5 Bg7 22.Ne2 Rc8 23.Ba5 Qe7
24.Bb4 Qd8 25.Bc5 Nd7 26.b4 Bd5 27.Rg3 Nxe5 28.fxe5 Bh6 29.Nc3 Bb7 30.Qe2 Qh4
31.Rf1 Rc7 32.Qg2 Rg7 33.a3 Bc6 34.Kh1 Ba8 35.Rf6 Qh5 36.Qa2 Rf7 37.Rxe6 Rc8
38.Rf6 Rc7 39.Rxf7 Rxf7 40.e6 Rf3 41.e7+ Kg7 42.e8=Q Bd5 43.Qe7+ Rf7 44.Qxd5  1-0

[Event "Zvenigorodskaya Open A"]
[Site "Zvenigorod RUS"]
[Date "2008.09.27"]
[Round "5"]
[White "Derbenev,A"]
[Black "Vysochin,S"]
[Result "1-0"]
[WhiteElo "2302"]
[BlackElo "2514"]

1.d4 d5 2.c4 c6 3.Nc3 Nf6 4.Nf3 a6 5.a4 e6 6.a5 Nbd7 7.e3 Bd6 8.c5 Bc7 9.b4 e5
10.Bb2 e4 11.Nd2 Nf8 12.Qc2 Ng4 13.h3 Qh4 14.Ndxe4 dxe4 15.Qxe4+ Kd8 16.g3 Bxg3
17.hxg4 Bxf2+ 18.Kd2 Qxg4 19.Be2 Qg3 20.d5 Nd7 21.dxc6 bxc6 22.Qd3 Re8 23.Nd1 Bg1
24.Rxh7 f6 25.Bd4 Rb8 26.Rb1 Kc7 27.Nc3 Nf8 28.Ne4 Rxe4 29.Qxe4 Nxh7 30.Rxg1 Qxg1
31.Qe7+ Bd7 32.Qd6+ Kd8 33.Qxb8+ Ke7 34.Qd6+ Ke8 35.Qb8+ Ke7 36.b5 Ng5 37.Qd6+ Kd8
38.Qf8+ Be8 39.bxc6 Ne4+ 40.Kc2 Qe1 41.Bxa6 Qd2+ 42.Kb3 Qxa5 43.Bd3 Nd2+
44.Kc2 Qa2+ 45.Kd1 Nc4 46.Bxc4 Qxc4 47.c7+ Kxc7 48.Qxe8 Qf1+ 49.Kd2 Qf2+
50.Kc3 Qe1+ 51.Kc4 Qe2+ 52.Kc3 Qe1+ 53.Kc4 Qe2+ 54.Kd5 Qa2+ 55.Ke4 Qc2+ 56.Kf4 Qf2+
57.Kg4 Qg2+ 58.Kf5 Qc2+ 59.Ke6 Qc4+ 60.Ke7 Qd5 61.Qf7 Qd8+ 62.Ke6+ Kc6 63.Qxg7  1-0

[Event "ch-Commonwealth"]
[Site "Nagpur IND"]
[Date "2008.09.28"]
[Round "1"]
[White "Gupta,Ab"]
[Black "Suraj,M"]
[Result "1-0"]
[WhiteElo "2551"]
[BlackElo "2058"]

1.d4 d5 2.c4 c6 3.Nc3 Nf6 4.Nf3 a6 5.g3 dxc4 6.a4 Nd5 7.Bg2 b5 8.axb5 Nxc3
9.bxc3 cxb5 10.Ne5 Ra7 11.d5 Bb7 12.O-O Ra8 13.Bf4 Nd7 14.Nc6 Qb6 15.Na5 Nc5
16.Be3 Rb8 17.Qd4 e6 18.Nxb7 Rxb7 19.d6 Qxd6 20.Qxd6 Bxd6 21.Bxc5 Rd7 22.Rfd1 Ke7
23.Rxd6 Rxd6 24.Rxa6 Rd8 25.Rb6 e5 26.Bd5 f5 27.f3 Rd7 28.e4 fxe4 29.fxe4  1-0

[Event "Zvenigorodskaya Open A"]
[Site "Zvenigorod RUS"]
[Date "2008.09.29"]
[Round "7"]
[White "Gavrilov,Al1"]
[Black "Vysochin,S"]
[Result "0-1"]
[WhiteElo "2447"]
[BlackElo "2514"]

1.d4 d5 2.c4 c6 3.Nf3 Nf6 4.Nc3 a6 5.cxd5 cxd5 6.Bf4 Nc6 7.Rc1 Bf5 8.e3 Rc8
9.Be2 e6 10.O-O Nd7 11.Nd2 Be7 12.a3 O-O 13.b4 Nb6 14.Qb3 Bf6 15.Qa2 e5 16.dxe5 Nxe5
17.e4 Ng6 18.Bg3 Bxc3 19.exf5 Ne7 20.Bd3 Qd7 21.Nb3 Na4 22.Qb1 Bf6 23.Nc5 Nxc5
24.bxc5 Nc6 25.Bd6 Rfe8 26.Qb3 Be5 27.Qxd5 Bxd6 28.Qxd6 Qxd6 29.cxd6 Red8
30.Be4 Rxd6 31.f3 Kf8 32.Rc3 Rcd8 33.h4 Ke7 34.Kh2 R8d7 35.Rb1 Na5 36.Rc5 b6
37.Rc8 b5 38.a4 bxa4 39.Ra1 Rd4 40.Ra2 Nb3 41.Bc6 Rd8 42.Rxd8 Kxd8 43.Kg3 Nc5
44.Rc2 Nd7 45.Be4 Rb4 46.Bd5 Ke7 47.Rc6 Nb6 48.Be4 a3 49.Rc2 Kd6 50.Rc3 a2
51.Rc1 Ra4 52.Ra1 Nd5 53.Bc2 Ra3 54.h5 h6 55.Kf2 Ke5 56.Ke2 Ne3 57.Bd3 Nxg2
58.Bc4 f6 59.Bxa2 Kf4 60.Kd2 Nh4 61.Kc2 Nxf5 62.Kb2 Rxf3 63.Bf7 Nd6 64.Bg6 Nc4+
65.Kc2 Ne5  0-1

[Event "Zvenigorodskaya Open A"]
[Site "Zvenigorod RUS"]
[Date "2008.09.29"]
[Round "7"]
[White "Kanter,E"]
[Black "Paveliev,A"]
[Result "1/2-1/2"]
[WhiteElo "2349"]
[BlackElo "2390"]

1.d4 d5 2.c4 c6 3.Nf3 Nf6 4.Nc3 a6 5.e3 b5 6.c5 Nbd7 7.Be2 Qc7 8.b4 a5 9.bxa5 e5
10.a4 Qxa5 11.Bd2 b4 12.Na2 Qxa4 13.Qxa4 Rxa4 14.O-O e4 15.Ng5 b3 16.Nb4 Rxa1
17.Rxa1 Nb8 18.Bc3 Be7 19.Ra8 Nfd7 20.f4 O-O 21.Bd1 Bf6 22.Bxb3 h6 23.Nh3 Nxc5
24.dxc5 Bxc3 25.Rxb8 Bxh3 26.Rxf8+ Kxf8 27.Nxd5 cxd5 28.gxh3 d4 29.c6 Ke7
30.Bxf7 dxe3 31.Kf1 Kd6 32.Bd5 Ba5 33.Bxe4  1/2-1/2

[Event "Zvenigorodskaya Open A"]
[Site "Zvenigorod RUS"]
[Date "2008.09.30"]
[Round "9"]
[White "Tunik,G"]
[Black "Buhmann,R"]
[Result "0-1"]
[WhiteElo "2490"]
[BlackElo "2561"]

1.d4 d5 2.c4 c6 3.Nf3 Nf6 4.Nc3 a6 5.c5 g6 6.Bf4 Nh5 7.Be5 Bg7 8.Bxg7 Nxg7
9.g3 O-O 10.Bg2 Bf5 11.Ne5 Nd7 12.Nxd7 Qxd7 13.O-O Rfe8 14.e3 Bh3 15.Re1 e5
16.dxe5 Rxe5 17.Ne2 Bxg2 18.Kxg2 Rae8 19.Qb3 Nf5 20.Nf4 Qe7 21.Rec1 g5 22.Nh3 Qf6
23.Rc3 Re4 24.Ng1 g4 25.Rf1 h5 26.Ne2 h4 27.Nf4 Ng7 28.Qd1 Qf5 29.gxh4 d4
30.Rd3 dxe3 31.fxe3 Rxe3 32.Rxe3 Rxe3 33.Qd4 Re4 34.Qf2 Rc4 35.Qe3 Rxc5 36.Kg1 Rc2
37.Qd4 Qc5 38.Qxc5 Rxc5 39.Rf2 f6 40.Rd2 Rc4 41.Ne2 Nf5 42.b3 Rc5 43.h5 Kg7
44.Rd7+ Kh6 45.Rxb7 Rc2 46.Ng3 Nd4 47.Rf7 Nf3+ 48.Kf1 Nxh2+ 49.Kg1 Nf3+ 50.Kf1 Kg5
51.Rg7+ Kf4 52.Ne2+ Ke3 53.Re7+ Ne5 54.Ng1 g3 55.Nh3 Kf3 56.Ng1+ Ke3 57.Nh3 Rh2
58.Ng1 g2+  0-1

[Event "58th TCh m 1st Div"]
[Site "Borovets BUL"]
[Date "2008.10.01"]
[Round "1"]
[White "Dobrev,Nan"]
[Black "Velikov,P"]
[Result "1-0"]
[WhiteElo "2408"]
[BlackElo "2424"]

1.d4 d5 2.c4 c6 3.Nf3 Nf6 4.Nc3 a6 5.h3 dxc4 6.a4 Bf5 7.Ne5 Nbd7 8.Nxc4 e6
9.a5 Qc7 10.g3 e5 11.dxe5 Nxe5 12.Bf4 Nfd7 13.Bg2 Be6 14.Nxe5 Nxe5 15.Qd4 f6
16.O-O Rd8 17.Qe3 Be7 18.Ne4 O-O 19.Nc5 Bxc5 20.Qxc5 Bd5 21.Rad1 Bxg2 22.Kxg2 g5
23.Be3 Rxd1 24.Rxd1 Rf7 25.b4 Kg7 26.Qc3 Rd7 27.Bb6 Qc8 28.Rd4 Rxd4 29.Bxd4 Qe6
30.Bxe5 fxe5 31.f4 Qd5+ 32.Kf2 gxf4 33.gxf4 Kf6 34.Kg3 Ke6 35.Qxe5+ Qxe5
36.fxe5 Kxe5 37.Kg4 c5 38.bxc5 Kd5 39.Kf5 Kxc5 40.e4 b6 41.axb6 Kxb6 42.e5 Kc7
43.Kf6 a5 44.e6  1-0

[Event "58th TCh m 1st Div"]
[Site "Borovets BUL"]
[Date "2008.10.01"]
[Round "1"]
[White "Nikolov,Mo"]
[Black "Dimitrov,R"]
[Result "1-0"]
[WhiteElo "2488"]
[BlackElo "2378"]

1.d4 d5 2.Nf3 Nf6 3.c4 c6 4.Nc3 a6 5.a4 g6 6.Bf4 Bg7 7.e3 O-O 8.Qb3 b6 9.Be2 Bg4
10.cxd5 Nxd5 11.Nxd5 Qxd5 12.Qxd5 cxd5 13.h3 Bf5 14.Rc1 Bd7 15.b3 b5 16.axb5 axb5
17.O-O Na6 18.Ne5 Bxe5 19.Bxe5 f6 20.Bg3 e6 21.Rc2 Kf7 22.Ra1 Nb4 23.Rxa8 Rxa8
24.Rc7 Ke8 25.Rb7 Ra5 26.Bd6 Nc2 27.Kh2 b4 28.Kg3 Ra2 29.Rb8+ Kf7 30.Rf8+ Kg7
31.Rd8 Bc6 32.Rc8 Ba8 33.Rc7+ Kg8 34.Bb5 Na1 35.Rc8+ Kg7 36.Ba4  1-0

[Event "58th TCh m 1st Div"]
[Site "Borovets BUL"]
[Date "2008.10.03"]
[Round "3"]
[White "Bratanov,Z"]
[Black "Stojanov,Sv"]
[Result "*"]
[WhiteElo "2467"]
[BlackElo "2312"]

1.d4 Nf6 2.c4 c6 3.Nc3 d5 4.Nf3 a6 5.cxd5 cxd5 6.Bg5 e6 7.e3 Be7 8.Bd3 h6
9.Bf4 Nc6 10.h3 Bd7 11.O-O O-O 12.a3 Rc8 13.e4 dxe4 14.Nxe4 Nxe4 15.Bxe4 Re8
16.d5 exd5 17.Bxd5 Bf6 18.Qb3 Be6 19.Bxe6 Rxe6 20.Qxb7 Na5 21.Qb4 Rc4 22.Rfd1  *

[Event "58th TCh w 1st Div"]
[Site "Borovets BUL"]
[Date "2008.10.03"]
[Round "3"]
[White "Olarasu,G"]
[Black "Voiska,M"]
[Result "1/2-1/2"]
[WhiteElo "2297"]
[BlackElo "2318"]

1.d4 Nf6 2.Nf3 d5 3.c4 c6 4.Nc3 a6 5.cxd5 cxd5 6.Ne5 Nc6 7.Qa4 Bd7 8.Nxd7 Qxd7
9.Bg5 e6 10.a3 Rc8 11.e3 Be7 12.Bd3 O-O 13.O-O h6 14.Bxf6 Bxf6 15.Rac1 Qd6
16.Ne2 Ne7 17.Rxc8 Rxc8 18.Rc1 Rxc1+ 19.Nxc1 Qc6 20.Qc2 Qxc2 21.Bxc2 Nc8
22.Nd3 Nd6 23.f3 Kf8 24.Kf2 Ke7 25.Ke2 a5 26.a4 Nc4 27.b4 b6 28.b5 g5 29.Bb3 Nd6
30.g4 Bg7  1/2-1/2

[Event "TCh-AUT 2nd Bundesliga Ost 2008-9"]
[Site "Austria AUT"]
[Date "2008.10.04"]
[Round "2"]
[White "Wukits,R"]
[Black "Groetz,H"]
[Result "0-1"]
[WhiteElo "2318"]
[BlackElo "2376"]

1.d4 d5 2.c4 c6 3.Nf3 Nf6 4.Nc3 a6 5.g3 b5 6.b3 Bf5 7.Bg2 Ne4 8.Bb2 Nxc3
9.Bxc3 Be4 10.O-O e6 11.Qd2 a5 12.Qd3 Be7 13.Bh3 Bxf3 14.Qxf3 b4 15.Bb2 Nd7
16.e4 Nf6 17.exd5 exd5 18.Bf5 O-O 19.c5 g6 20.Bc2 Re8 21.Rfe1 Nd7 22.h4 Bf6
23.Rxe8+ Qxe8 24.h5 Qe6 25.a3 Re8 26.axb4 axb4 27.hxg6 hxg6 28.Rc1 Bg5 29.Rb1 Qe2
30.Bd1 Qd2 31.Kg2 Re1 32.Qg4 Qd3  0-1